000 00757nam a2200217 a 4500
001 000033161
005 20240412074257.0
008 090929s1951 dr r 000 p spa d
040 _aDO-SdBNP
_bspa
_cBNPHU
082 _aRD861.08
_bA634p, 1951
245 0 0 _aAntología poética dominicana /
_cselección y prólogo Pedro René Contin y Aybar.
250 _a2a. ed.
260 _aCiudad Trujillo, República Dominicana :
_bLibrería Dominicana,
_c1951.
300 _a240 p. ;
_c21 cm.
500 _aIncluye notas
590 _aInventariado, 2019/BT
650 4 _aPoesía dominicana
_vCOLECIONES
_958809
650 0 _aLiteratura dominicana.
_967
700 1 _aRené y Aybar, Pedro
_epról. y selección
_924035
910 _aValidado. Control de calidad MFF
999 _c32652
_d32652